000
00200 a2200097 4500
001
45553
100
_a
Mclnerney, J
245
_a
Ransom
260
_a
London
_b
Jonathan cape
_c
090
_c
28717
_d
28717
942
_a
NUST-CAE
_c
M
_c
20799
999
_c
280626
_d
280626